Countries with more than one S in their name - Statistics

General Stats
  • This quiz has been taken 93 times
  • The average score is 5 of 10
Answer Stats
Answer % Correct
Saint Kitts and Nevis
71%
South Sudan
71%
Seychelles
70%
Saint Vincent and the Grenadines
65%
United States
64%
Solomon Islands
55%
Russia
54%
Marshall Islands
41%
Federated States of Micronesia
32%
Guinea-Bissau
17%
No matching quizzes found
Score Distribution
Percent of People with Each Score
Percentile by Number Answered
Your Score History
You have not taken this quiz